| 000 | 00415nam a2200145Ia 4500 | ||
|---|---|---|---|
| 005 | 20250515031111.0 | ||
| 008 | 240331s9999 xx 000 0 und d | ||
| 082 |
_a302.2 _bSIV |
||
| 100 | _aSivagurunathan, R | ||
| 245 | 0 | _aIlankaiyil Tamilp puthina pathirikaiyan valarchi | |
| 260 |
_aVadapalani _bKumaran Publishers _c1993 |
||
| 300 | _a230 p ., | ||
| 500 | _aProgress of Tamil Journalism in Sri Lanka | ||
| 942 | _cL | ||
| 999 |
_c1162 _d1162 |
||